000 00279nam a22001217a 4500
008 170615b xxu||||| |||| 00| 0 eng d
041 _aeng
080 _a32
100 _a19
101 _aSHP
245 _aINTERNATIONAL FRIMS AND MODERN IMPERIALISM
_cRADICE,H
942 _2udc
_cBK
999 _c17471
_d17471